| 000 | 00483nam a22001697a 4500 | ||
|---|---|---|---|
| 003 | OSt | ||
| 005 | 20160530194212.0 | ||
| 008 | 160530b xxu||||| |||| 00| 0 eng d | ||
| 020 | _a0963287370 | ||
| 040 | _cDLMN. | ||
| 082 | _aQV38B49p 1995. | ||
| 100 |
_aBillingsley,L.Melvin;[et....al] _99156 |
||
| 245 |
_aPharmacology: _bReview for New National Boards. |
||
| 260 |
_aAlexandria,Virginia. _bJ&S publishing Company Inc. _c1995. |
||
| 650 |
_aPharmacology. _9357 |
||
| 942 |
_2z _cO_SHELF |
||
| 999 |
_c4249 _d4249 |
||